[Event "76th ch-BUL SF 2012"]
[Site "Plovdiv BUL"]
[Date "2012.02.11"]
[Round "8"]
[White "Janev,E"]
[Black "Pantev,V"]
[Result "1-0"]
[WhiteTitle "GM"]
[BlackTitle "FM"]
[WhiteElo "2503"]
[BlackElo "2389"]
[WhiteFideId "2900360"]
[BlackFideId "2901390"]
[EventDate "2012.02.06"]

1. e4 c6 2. d4 d5 3. Nd2 dxe4 4. Nxe4 Nf6 5. Nxf6+ exf6 6. c3 Bf5 7. Ne2 Nd7 8.
Ng3 Be6 9. Bd3 Bd6 10. Nf5 Bxf5 11. Bxf5 O-O 12. O-O Re8 13. Qf3 Qc7 14. g3 Nf8
15. Bc2 c5 16. Be3 cxd4 17. Bxd4 Ne6 18. Be3 Ng5 19. Qg2 g6 20. Rad1 Rad8 21.
Rd5 Ne6 22. Ba4 Rf8 23. Bh6 Ng7 24. Rfd1 a6 25. Qf3 b5 26. Bb3 Be5 27. R1d3 Rfe8
28. Rxd8 Rxd8 29. Rxd8+ Qxd8 30. Qb7 Qe8 31. Qxa6 Nf5 32. Bd2 Qd7 33. Qa8+ Kg7
34. Qd5 Qe8 35. Qd3 h5 36. Bd1 h4 37. Bg4 hxg3 38. hxg3 Ne7 39. Qd7 Qf8 40. Qxb5
Bd6 41. a4 Qd8 42. Be3 f5 43. Bd4+ 1-0

[Event "76th ch-BUL SF 2012"]
[Site "Plovdiv BUL"]
[Date "2012.02.11"]
[Round "8"]
[White "Tsvetkov,I"]
[Black "Milchev,N"]
[Result "1/2-1/2"]
[BlackTitle "IM"]
[WhiteElo "2374"]
[BlackElo "2434"]
[WhiteFideId "2900831"]
[BlackFideId "2906090"]
[EventDate "2012.02.06"]

1. d4 Nf6 2. c4 g6 3. Nc3 Bg7 4. e4 d6 5. Be2 O-O 6. Bg5 Na6 7. f4 c6 8. Qd2 Nc7
9. Nf3 Ne6 10. Bh4 Nh5 11. g3 f5 12. O-O-O fxe4 13. Nxe4 Nf6 14. Bxf6 exf6 15.
d5 Nc5 16. Nxc5 dxc5 17. dxc6 Qb6 18. Qd5+ Kh8 19. Rd3 bxc6 20. Qd6 Bg4 21. Rb3
Qa6 22. Qxc5 Rfe8 23. Ra3 Qb7 24. Rb3 Qa6 25. Ra3 Qb7 26. Rb3 Qa6 27. Ra3 1/2-1/2

[Event "76th ch-BUL SF 2012"]
[Site "Plovdiv BUL"]
[Date "2012.02.11"]
[Round "8"]
[White "Enchev,I"]
[Black "Nikolova,A"]
[Result "1-0"]
[WhiteTitle "IM"]
[BlackTitle "WGM"]
[WhiteElo "2430"]
[BlackElo "2296"]
[WhiteFideId "2907712"]
[BlackFideId "2908689"]
[EventDate "2012.02.06"]

1. d4 d5 2. Nf3 c6 3. Bf4 Nf6 4. e3 Qb6 5. Qc1 Bf5 6. Be2 Nbd7 7. O-O Nh5 8. Be5
Bg4 9. h3 Bxf3 10. Bxf3 Nhf6 11. Bg3 g5 12. c4 e6 13. Nc3 Be7 14. Re1 h5 15.
cxd5 cxd5 16. e4 g4 17. hxg4 hxg4 18. Bd1 dxe4 19. Ba4 Kf8 20. Nxe4 Qxd4 21.
Nxf6 Nxf6 22. Qc2 Rh5 23. Rad1 Qb6 24. Bb3 Kg7 25. Re5 Rah8 26. Rxh5 Rxh5 27.
Qe2 Qc5 28. Bxe6 fxe6 29. Qxe6 Rd5 30. Re1 Kf8 31. Bf4 Rf5 32. Rc1 Rxf4 33. Rxc5
Bxc5 34. Qc8+ Ne8 35. Qxc5+ Kf7 36. Qh5+ Kf6 37. Qxe8 Rf5 38. Qf8+ Kg5 39. Qg7+
Kh5 40. Qxb7 a5 41. Qh7+ Kg5 42. b4 axb4 43. Qe7+ Kh5 44. Qxb4 Kg5 45. a4 Kh5
46. a5 Kh4 47. f3 Rg5 48. Qxg4+ Rxg4 49. fxg4 Kg5 50. a6 Kg6 51. a7 1-0

[Event "76th ch-BUL SF 2012"]
[Site "Plovdiv BUL"]
[Date "2012.02.11"]
[Round "8"]
[White "Andreev,Sa"]
[Black "Dobrev,Nay"]
[Result "1-0"]
[WhiteElo "2201"]
[BlackElo "2256"]
[WhiteFideId "2911019"]
[BlackFideId "2902419"]
[EventDate "2012.02.06"]

1. d4 Nf6 2. c4 d6 3. Nf3 g6 4. Nc3 Bf5 5. Qb3 b6 6. h3 h5 7. Nh4 Bd7 8. e4 Nc6
9. Nf3 Na5 10. Qc2 c5 11. d5 Bg7 12. Bf4 O-O 13. Rd1 a6 14. a4 Nb7 15. Bd3 Qc7
16. O-O Rae8 17. Rfe1 Bc8 18. e5 dxe5 19. Nxe5 Nd6 20. Nxf7 Rxf7 21. Bxg6 Rff8
22. Re3 Qb7 23. Rg3 h4 24. Rg5 Rd8 25. Ne2 Nf7 26. Bxf7+ Rxf7 27. Be5 Nh7 28.
Rxg7+ Rxg7 29. Bxg7 Kxg7 30. Nf4 Rd6 31. Re1 Ng5 32. Re5 Nf7 33. Rh5 Rf6 34.
Qh7+ Kf8 35. Ng6+ Ke8 36. Qg8+ Kd7 37. Rh7 Qc7 38. Rxf7 Rxf7 39. Qxf7 Qd6 40.
Nxh4 Qh6 41. Ng6 Qg5 42. h4 Qc1+ 43. Kh2 Qe1 44. h5 Qe2 45. Qe6+ 1-0

[Event "76th ch-BUL SF 2012"]
[Site "Plovdiv BUL"]
[Date "2012.02.11"]
[Round "8"]
[White "Janachkov,A"]
[Black "Ninov,D"]
[Result "1/2-1/2"]
[WhiteElo "2212"]
[BlackElo "2117"]
[WhiteFideId "2901145"]
[BlackFideId "2911060"]
[EventDate "2012.02.06"]

1. e4 c5 2. Nf3 g6 3. g3 Bg7 4. Bg2 Nc6 5. O-O Nf6 6. Re1 O-O 7. c3 d5 8. exd5
Nxd5 9. d4 cxd4 10. Nxd4 Nxd4 11. cxd4 Be6 12. Nc3 Nxc3 13. bxc3 Rc8 14. Bd2 Rc7
15. Qa4 b6 16. Rac1 Bd5 17. Bf4 Rb7 18. Bf1 Qc8 19. Be5 Bc6 20. Qb3 Rd7 21. Bxg7
Kxg7 22. c4 Qc7 23. d5 Bb7 24. Qb4 Qd6 25. Qb3 Re8 26. Re3 e6 27. Rce1 Rde7 28.
Qc3+ f6 29. Bg2 exd5 30. Rxe7+ Rxe7 31. Rxe7+ Qxe7 32. cxd5 Qd6 33. h4 Kf7 34.
Qd4 Qc5 35. Qe4 Bc8 36. h5 Bf5 37. Qf4 Bd7 38. h6 Qe7 39. Qc7 Bb5 40. d6 Qxc7
41. dxc7 Ba6 42. Bd5+ Ke7 43. g4 Bc8 44. f4 b5 45. Kf2 b4 46. Ke3 a5 47. Kd2 a4
48. Bg8 Bxg4 49. Bxh7 Kf7 50. Kc2 Bd7 51. Kb2 Be6 52. a3 b3 53. Kc3 Bc8 54. Kb2
Bd7 55. Kc3 Bc8 1/2-1/2

[Event "76th ch-BUL SF 2012"]
[Site "Plovdiv BUL"]
[Date "2012.02.11"]
[Round "8"]
[White "Janchev,P"]
[Black "Arnaudov,P"]
[Result "1-0"]
[WhiteElo "2118"]
[BlackElo "2121"]
[WhiteFideId "2903016"]
[BlackFideId "2901706"]
[EventDate "2012.02.06"]

1. Nf3 b5 2. e4 Bb7 3. d3 e6 4. g3 c5 5. Bg2 Nc6 6. O-O Nf6 7. Nbd2 Qc7 8. Re1
d6 9. c3 Rb8 10. a3 a5 11. a4 b4 12. Nc4 Be7 13. Bf4 e5 14. Bg5 Nd8 15. Nh4 Ne6
16. Bd2 Ba6 17. Nf5 Bxc4 18. dxc4 bxc3 19. bxc3 g6 20. Ne3 O-O 21. Qc2 Rb6 22.
Rab1 Rxb1 23. Rxb1 Rb8 24. Rb5 Bd8 25. h3 Qa7 26. Qd3 Rb6 27. Qb1 Kg7 28. Bc1
Bc7 29. Qd3 Bd8 30. Qb1 Bc7 31. h4 h5 32. Bf3 Rb8 33. Qd3 Rb6 34. Qd2 Bd8 35.
Qb2 Bc7 36. Kg2 Rb8 37. Qd2 Rb6 38. Nf5+ Kg8 39. Ne7+ Kf8 40. Nc8 Qb8 41. Nxb6
Bxb6 42. Qb2 Nd7 43. Qd2 Ke7 44. Qd3 Qf8 45. Rb2 Kd8 46. Kg1 Kc7 47. Bg2 Qe8 48.
f4 Qe7 49. f5 gxf5 50. exf5 Nd8 51. Qf3 f6 52. Qe4 Qf7 53. Kh2 Nb8 54. Bf3 Qd7
55. Qa8 Ndc6 56. Be4 Qe8 57. Bxc6 Qxc6 58. Qxc6+ Nxc6 59. g4 1-0

[Event "76th ch-BUL SF 2012"]
[Site "Plovdiv BUL"]
[Date "2012.02.11"]
[Round "8"]
[White "Vutov,M"]
[Black "Ibryamov,Ilhan"]
[Result "1/2-1/2"]
[WhiteElo "2352"]
[BlackElo "2115"]
[WhiteFideId "2903431"]
[BlackFideId "2918854"]
[EventDate "2012.02.06"]

1. e4 e5 2. Nf3 Nc6 3. Bb5 a6 4. Ba4 Nf6 5. O-O Be7 6. Re1 b5 7. Bb3 d6 8. c3
Bg4 9. h3 Bh5 10. d3 O-O 11. Nbd2 Na5 12. Bc2 c5 13. Nf1 Nc6 14. Ng3 Bg6 15. Nh4
d5 16. Nhf5 dxe4 17. dxe4 Qxd1 18. Rxd1 Rad8 19. Be3 c4 20. Nxe7+ Nxe7 21. Bc5
Rxd1+ 22. Rxd1 Re8 23. Rd6 Rc8 24. Rxf6 Rxc5 25. Rxa6 h6 26. Kf1 f6 27. Ra8+ Kf7
28. Ra7 Kf8 29. Bd1 Be8 30. Bg4 g6 31. h4 h5 32. Bd1 Rc6 33. Ke1 Nc8 34. Ra5 Rb6
35. Kd2 Bc6 36. f3 Nd6 37. Ra7 Nb7 38. Nf1 Nc5 39. Bc2 Bb7 40. b4 cxb3 41. axb3
Rd6+ 42. Kc1 Bc6 43. b4 Ne6 44. g3 g5 45. Ne3 gxh4 46. gxh4 Nf4 47. Ra6 Re6 48.
Nf5 Bd5 49. Ra7 Bc4 50. Ne3 Be2 51. Bb3 Rc6 52. Kd2 Bxf3 53. Nf5 Ke8 54. c4 Bxe4
55. cxb5 Rb6 56. Ng3 Bg6 57. Ra6 Rb7 58. Rxf6 Ke7 59. Rc6 Rxb5 60. Rc5 Rxb4 61.
Rxe5+ Kf6 62. Re3 Ng2 63. Re6+ Kg7 64. Bc2 Bxc2 65. Kxc2 1/2-1/2

[Event "76th ch-BUL SF 2012"]
[Site "Plovdiv BUL"]
[Date "2012.02.11"]
[Round "8"]
[White "Ljangov,P"]
[Black "Nikolov,J"]
[Result "0-1"]
[WhiteElo "2101"]
[BlackElo "2097"]
[WhiteFideId "2901277"]
[BlackFideId "2906112"]
[EventDate "2012.02.06"]

1. e4 e5 2. Nf3 Nc6 3. Bb5 f5 4. d3 fxe4 5. dxe4 Nf6 6. Qe2 Bc5 7. Bxc6 bxc6 8.
Nxe5 Qe7 9. Nd3 Ba6 10. Nc3 Bd4 11. Bd2 O-O 12. O-O Bxc3 13. Bxc3 Qxe4 14. Qxe4
Nxe4 15. Ba5 Rac8 16. Rad1 Rf5 17. Bd2 Rb8 18. Be3 Bxd3 19. Rxd3 d6 20. b3 c5
21. f3 Nf6 22. Rfd1 Re5 23. Bf4 Re6 24. Re3 Rxe3 25. Bxe3 Kf7 26. Bd2 Nd5 27.
Kf2 Nb6 28. Bc3 Re8 29. g4 d5 30. Ba5 c6 31. Bd2 Re6 32. Re1 Rd6 33. Bf4 Rd7 34.
Re5 g6 35. h4 c4 36. Re1 d4 37. Rd1 c5 38. Bd2 c3 39. Bc1 Nd5 40. a3 a5 41. Re1
a4 42. bxa4 c4 43. Rd1 Nb6 44. a5 Na4 45. a6 Nb2 46. Rh1 Ra7 47. h5 g5 48. Bxg5
d3 49. Be3 Rxa6 50. cxd3 cxd3 51. Bc1 Nc4 52. Rd1 d2 53. Bxd2 cxd2 54. f4 Rxa3
55. g5 Rh3 56. g6+ hxg6 57. hxg6+ Kxg6 58. Kg2 Rc3 59. Kf2 0-1

[Event "76th ch-BUL SF 2012"]
[Site "Plovdiv BUL"]
[Date "2012.02.11"]
[Round "8"]
[White "Dimitrov,De"]
[Black "Slavov,H"]
[Result "1-0"]
[WhiteElo "2104"]
[BlackElo "1791"]
[WhiteFideId "2911000"]
[BlackFideId "2911345"]
[EventDate "2012.02.06"]

1. Nf3 d5 2. b3 e6 3. Bb2 Nf6 4. c4 Bd6 5. g3 Nbd7 6. Nc3 c6 7. Bg2 Ne5 8. Nxe5
Bxe5 9. d4 Bc7 10. O-O O-O 11. e4 dxc4 12. bxc4 e5 13. d5 Bg4 14. f3 Bd7 15. Ba3
Re8 16. Qb3 Qc8 17. Rab1 Rb8 18. Bc5 Ba5 19. Bb4 Bxb4 20. Qxb4 h5 21. Qa3 a6 22.
h4 cxd5 23. cxd5 b5 24. Qb3 a5 25. Rfc1 Qc5+ 26. Kh2 a4 27. Nxa4 Qd6 28. Nc5 Bc8
29. Rc2 g5 30. hxg5 Nh7 31. Qe3 Qg6 32. f4 Ra8 33. Rf2 exf4 34. gxf4 b4 35. d6
Ra3 36. Qd4 Bg4 37. Qxb4 Rea8 38. e5 h4 39. Bxa8 Rh3+ 40. Kg1 Rg3+ 41. Rg2 Qc2
42. Be4 Qxa2 43. d7 Bh3 44. d8=Q+ Nf8 45. Qxf8+ Kxf8 46. Ne6+ Ke8 47. Bc6# 1-0

[Event "76th ch-BUL SF 2012"]
[Site "Plovdiv BUL"]
[Date "2012.02.11"]
[Round "8"]
[White "Kolev,H"]
[Black "Asparuhov,P"]
[Result "1/2-1/2"]
[WhiteElo "1798"]
[BlackElo "2103"]
[WhiteFideId "2903849"]
[BlackFideId "2905647"]
[EventDate "2012.02.06"]

1. e4 e5 2. Nf3 Nc6 3. Bc4 Nf6 4. d3 h6 5. c3 d6 6. O-O g6 7. d4 Qe7 8. Re1 Bg7
9. Nbd2 O-O 10. Bb3 Nh5 11. Nf1 Bg4 12. d5 Nd8 13. h3 Bd7 14. Bc2 Nf4 15. Ng3 h5
16. Be3 Bh6 17. Ne2 Qf6 18. Nxf4 Bxf4 19. Qd2 g5 20. h4 g4 21. Bxf4 gxf3 22. Bh6
Qg6 23. g3 Re8 24. Qg5 Kh7 25. Qxg6+ fxg6 26. Bg5 Nf7 27. Rad1 Nxg5 28. hxg5 Rf8
29. c4 h4 30. gxh4 Rf4 31. Rd3 Raf8 32. Ree3 Rxh4 33. Rxf3 Rhf4 34. Rxf4 Rxf4
35. Rg3 Bg4 36. Kg2 Kg7 37. f3 Bd7 38. Bd3 a5 39. Bf1 Rf8 40. Kh2 Rh8+ 41. Bh3
Rh5 42. Kg2 Bxh3+ 43. Rxh3 Rxg5+ 44. Rg3 Rh5 45. Rh3 Kf6 46. Rg3 Rh6 1/2-1/2

[Event "76th ch-BUL SF 2012"]
[Site "Plovdiv BUL"]
[Date "2012.02.11"]
[Round "8"]
[White "Yordanova,S"]
[Black "Mogilarov,D"]
[Result "0-1"]
[WhiteTitle "WIM"]
[WhiteElo "2143"]
[BlackElo "2189"]
[WhiteFideId "2905108"]
[BlackFideId "2905248"]
[EventDate "2012.02.06"]

1. e4 e5 2. Nf3 Nc6 3. Bb5 a6 4. Ba4 Nf6 5. O-O Be7 6. Re1 b5 7. Bb3 O-O 8. a4
Bb7 9. c3 d5 10. axb5 axb5 11. Rxa8 Bxa8 12. exd5 Nxd5 13. d4 exd4 14. Nxd4 Nxd4
15. Qxd4 c5 16. Qg4 f5 17. Qh3 c4 18. Bc2 Bc5 19. Rf1 Qf6 20. Bd2 h6 21. Qh5 g5
22. Kh1 Rf7 23. Qh3 Bc6 24. Be3 g4 25. Qg3 h5 26. Bxf5 Bd6 27. Bg5 Bxg3 28. Bxf6
Rxf6 29. fxg3 Ne3 30. Bh7+ Kg7 31. Rxf6 Kxf6 32. Nd2 Nd1 33. b3 cxb3 34. Nxb3
Nxc3 35. Nd4 Bd5 36. Kg1 b4 37. Nc2 b3 38. Na3 b2 39. Kf2 Ba2 40. Ke3 b1=Q 41.
Nxb1 Bxb1 42. Bg8 Bf5 43. Bc4 Ne4 44. Bd5 Ng5 45. Bc6 Bg6 46. Bd7 Nf7 47. Bc6
Bf5 48. Bd5 Be6 49. Be4 Ne5 50. Kf4 Ng6+ 51. Ke3 Bf5 52. Bc6 Ke5 53. Be8 Be4 54.
h3 Bf5 55. hxg4 hxg4 56. Bb5 Ne7 57. Ba4 Nd5+ 58. Kf2 Nf6 59. Bb5 Ne4+ 60. Ke3
Nxg3 61. Ba6 Be4 62. Kf2 Kf4 63. Bc8 Nf5 64. g3+ Nxg3 65. Bxg4 Kxg4 66. Ke3 Kf5
67. Kd4 Ke6 68. Kc5 Ke5 69. Kc4 Ne2 70. Kb3 Kd4 71. Kb4 Bd5 72. Kb5 Nf4 73. Kb6
Ne6 74. Kb5 Kc3 75. Ka4 Kb2 76. Ka5 Kb3 77. Kb5 Be4 78. Ka5 Bc6 79. Kb6 Bd7 80.
Ka5 Ka3 81. Ka6 Kb4 82. Kb6 Bb5 83. Ka7 Ka5 84. Kb7 Bd7 85. Ka7 Bc8 86. Kb8 Ba6
87. Ka7 Kb5 88. Ka8 Kb6 89. Kb8 Nd4 0-1

[Event "76th ch-BUL SF 2012"]
[Site "Plovdiv BUL"]
[Date "2012.02.11"]
[Round "8"]
[White "Velikov,V"]
[Black "Roydov,P"]
[Result "1-0"]
[WhiteElo "1844"]
[BlackElo "1780"]
[WhiteFideId "2912856"]
[BlackFideId "2908654"]
[EventDate "2012.02.06"]

1. c4 Nf6 2. Nc3 e6 3. g3 c6 4. Bg2 d5 5. cxd5 exd5 6. d4 Bf5 7. Bg5 Be7 8. e3
Nbd7 9. Nf3 Qb6 10. Qe2 Bb4 11. Bxf6 Nxf6 12. O-O Qa5 13. Rac1 O-O 14. a3 Bd6
15. Ra1 Qb6 16. b4 Ne4 17. Nxe4 Bxe4 18. Nh4 Bxg2 19. Kxg2 Rfe8 20. Nf5 Bf8 21.
Qg4 Re6 22. Rh1 Qd8 23. Nh4 Re4 24. Qh3 a5 25. bxa5 Rxa5 26. a4 g6 27. Rhb1 Re7
28. Nf3 Bg7 29. Rb3 c5 30. Rab1 Qa8 31. dxc5 Rxc5 32. Rb5 Rc2 33. Rxd5 Ra2 34.
Rbd1 Re8 35. Rd7 b5 36. R1d5 b4 37. Ng5 h6 38. Nxf7 Rd2 39. Nxh6+ Kh7 40. Nf5+
Kg8 41. Rxg7+ 1-0

[Event "61st ch-BUL w SF 2012"]
[Site "Plovdiv BUL"]
[Date "2012.02.06"]
[Round "1"]
[White "Galunova,T"]
[Black "Tsekova,V"]
[Result "1-0"]
[WhiteElo "2040"]
[BlackElo "1859"]
[WhiteFideId "2909995"]
[BlackFideId "2908476"]
[EventDate "2012.02.06"]

1. e4 c5 2. c3 e6 3. Nf3 d5 4. exd5 exd5 5. d4 a6 6. Be3 cxd4 7. Nxd4 Nc6 8. Be2
Nf6 9. O-O Bd6 10. Nd2 O-O 11. c4 Ne5 12. g3 h6 13. Qb3 dxc4 14. Nxc4 Nxc4 15.
Bxc4 Ng4 16. Rad1 Ne5 17. Bd5 Qf6 18. Bf4 Rb8 19. a3 g5 20. Bd2 Bg4 21. Rc1 Rfe8
22. Rfe1 Re7 23. Re3 Bh5 24. Bc3 Bc5 25. Rf1 Bg6 26. Nc6 Bxe3 27. fxe3 Qxf1+ 28.
Kxf1 Nxc6 29. Bxc6 Rxe3 30. Kf2 Rd3 31. Qb4 g4 32. Be4 Bxe4 33. Qxe4 Rf3+ 34.
Kg2 1-0

[Event "61st ch-BUL w SF 2012"]
[Site "Plovdiv BUL"]
[Date "2012.02.06"]
[Round "1"]
[White "Atanasova,Elitsa"]
[Black "Salimova,Nurgyul"]
[Result "1-0"]
[BlackTitle "WFM"]
[WhiteElo "1732"]
[BlackElo "1737"]
[WhiteFideId "2913690"]
[BlackFideId "2915138"]
[EventDate "2012.02.06"]

1. d4 d5 2. c4 e6 3. Nc3 Nf6 4. Bg5 Nbd7 5. cxd5 exd5 6. e3 Be7 7. Bd3 O-O 8.
Nge2 Re8 9. O-O c6 10. Qc2 Nf8 11. f3 h6 12. Bh4 Ne6 13. Bf2 b6 14. Kh1 Bb7 15.
e4 dxe4 16. fxe4 Ng4 17. Bg1 Bg5 18. Rf3 Rf8 19. Raf1 Qe8 20. h3 Nf6 21. e5 Nd5
22. Ne4 Be7 23. a3 Rc8 24. Rg3 Kh8 25. Rf5 c5 26. Qd2 cxd4 27. Nf6 Bxf6 28. exf6
Rg8 29. fxg7+ Rxg7 30. Qxh6+ Rh7 31. Qxh7+ 1-0

[Event "61st ch-BUL w SF 2012"]
[Site "Plovdiv BUL"]
[Date "2012.02.06"]
[Round "1"]
[White "Vasileva,C"]
[Black "Sirkova,D"]
[Result "0-1"]
[BlackTitle "WFM"]
[WhiteElo "1577"]
[BlackElo "2086"]
[WhiteFideId "2904250"]
[BlackFideId "2910560"]
[EventDate "2012.02.06"]

1. d4 g6 2. c4 Bg7 3. Nc3 d6 4. e4 Nc6 5. Nf3 Bg4 6. Be3 e5 7. d5 Nd4 8. Be2
Bxf3 9. Bxf3 c5 10. Qa4+ Kf8 11. Bd1 a6 12. Bxd4 exd4 13. Ne2 d3 14. Nc3 Qe7 15.
O-O Nf6 16. Bf3 Nd7 17. Qd1 Ne5 18. Rb1 Nxc4 19. Qxd3 b5 20. g3 Qf6 21. Bg2 Nxb2
22. Rxb2 Qxc3 23. Qxc3 Bxc3 24. Rc2 Bd4 25. Kh1 Kg7 26. f4 Rhe8 27. g4 h6 28.
Re1 g5 29. fxg5 hxg5 30. Ree2 b4 31. Bf3 a5 32. h4 a4 33. Red2 b3 34. Rb2 Bxb2
35. Rxb2 c4 36. axb3 axb3 37. Bd1 Ra1 38. Rd2 c3 39. Rd3 c2 0-1

[Event "61st ch-BUL w SF 2012"]
[Site "Plovdiv BUL"]
[Date "2012.02.07"]
[Round "2"]
[White "Chilingirova,P"]
[Black "Ivanova,Si"]
[Result "1/2-1/2"]
[WhiteTitle "WIM"]
[WhiteElo "2119"]
[BlackElo "1972"]
[WhiteFideId "2902214"]
[BlackFideId "2900548"]
[EventDate "2012.02.06"]

1. d4 d5 2. c4 dxc4 3. e3 e5 4. Bxc4 exd4 5. Nf3 Bb4+ 6. Ke2 Qe7 7. Qxd4 Nf6 8.
Qe5 Bg4 9. Qxe7+ Kxe7 10. h3 Be6 11. Bxe6 fxe6 12. Bd2 Bd6 13. Bc3 Ne4 14. Be5
Nd7 15. Bxd6+ cxd6 16. Rc1 Rac8 17. Na3 Nb6 18. Ne1 Rc6 19. f3 Nf6 20. Nb5 a6
21. Nd4 Rxc1 22. Rxc1 Rc8 23. Rxc8 Nxc8 24. Nb3 Kd7 25. Na5 Kc7 26. Nd3 b5 27.
e4 Nb6 28. Ke3 Nc4+ 29. Nxc4 bxc4 30. Nf4 Kd7 31. Kd2 g5 32. Ne2 d5 33. exd5
exd5 34. Kc3 Kd6 35. Kd4 Nh5 36. g3 Ng7 37. f4 gxf4 38. gxf4 Nf5+ 39. Kc3 Kc5
40. b4+ cxb3 41. axb3 a5 42. Kd3 h5 43. Kc3 h4 44. Kd3 d4 45. Ng1 Kb4 46. Kc2
Ne3+ 47. Kd3 Nf5 48. Kc2 Ne3+ 49. Kd3 Nf5 50. Kc2 d3+ 51. Kxd3 Kxb3 52. Nf3 a4
53. Nd2+ Kb2 54. Nc4+ Kb1 55. Nd2+ Kb2 56. Nc4+ 1/2-1/2

[Event "61st ch-BUL w SF 2012"]
[Site "Plovdiv BUL"]
[Date "2012.02.07"]
[Round "2"]
[White "Sirkova,D"]
[Black "Radeva,Viktoria"]
[Result "1-0"]
[WhiteTitle "WFM"]
[BlackTitle "WCM"]
[WhiteElo "2086"]
[BlackElo "1760"]
[WhiteFideId "2910560"]
[BlackFideId "2915405"]
[EventDate "2012.02.06"]

1. b3 Nf6 2. Bb2 g6 3. e4 d6 4. f4 Bg7 5. Nf3 O-O 6. Qe2 Nc6 7. d3 Re8 8. e5 Nh5
9. g3 Bg4 10. Nbd2 Nb4 11. Kd1 a5 12. Bg2 b5 13. Kc1 c5 14. a3 Na6 15. Qf2 Rb8
16. h3 Bxf3 17. Bxf3 Qc7 18. Re1 a4 19. bxa4 bxa4 20. Nc4 Qd7 21. Qg2 Qc7 22.
Rb1 Rec8 23. Qf2 Rd8 24. Qg2 Rdc8 25. Kd1 Rd8 26. Ke2 Bh6 27. Kf1 Ng7 28. Bd5
Qa7 29. Qf3 e6 30. Bc6 d5 31. Nd6 Nc7 32. g4 Nge8 33. Nb7 Rdc8 34. Bc3 Na6 35.
Bd7 Rc7 36. Bxe8 Rxe8 37. Nd6 Rb8 38. Nb5 Rxb5 39. Rxb5 c4 40. d4 Bf8 41. Reb1
Bxa3 42. Ba5 Rd7 43. Qxa3 Qxd4 44. Rb8+ 1-0

[Event "61st ch-BUL w SF 2012"]
[Site "Plovdiv BUL"]
[Date "2012.02.07"]
[Round "2"]
[White "Salimova,Nurgyul"]
[Black "Vasileva,C"]
[Result "1-0"]
[WhiteTitle "WFM"]
[WhiteElo "1737"]
[BlackElo "1577"]
[WhiteFideId "2915138"]
[BlackFideId "2904250"]
[EventDate "2012.02.06"]

1. d4 e6 2. c4 Bb4+ 3. Nc3 a5 4. Nf3 Nf6 5. Bg5 h6 6. Bxf6 Qxf6 7. e3 c5 8. Qc2
cxd4 9. Nxd4 O-O 10. Be2 e5 11. Nb5 Na6 12. O-O Qh4 13. Rad1 f5 14. Nd5 Bc5 15.
a3 b6 16. Nbc7 Ra7 17. Nxa6 Bxa6 18. b4 axb4 19. axb4 Bd6 20. Nxb6 Bxb4 21. Nxd7
Rd8 22. Nxe5 Bd6 23. Nf3 Qh5 24. h3 Bb7 25. c5 Be4 26. Qc4+ Qf7 27. Qxf7+ Kxf7
28. Rxd6 Rc8 29. Rc1 Rac7 30. c6 Ke7 31. Rg6 Bxc6 32. Rxg7+ Kd6 33. Rxc7 Rxc7
34. Nd4 Bd7 35. Rxc7 Kxc7 36. Bd3 Kd6 37. Nxf5+ Ke5 38. f4+ Kf6 39. g4 h5 40.
g5+ Kf7 41. Nd4 Bxh3 42. Bf5 Bxf5 43. Nxf5 Kg6 44. e4 Kf7 45. e5 Kg6 46. e6 Kxf5
47. e7 Kxf4 48. e8=Q Kxg5 49. Kg2 Kg4 50. Qe4+ Kg5 51. Kg3 Kh6 52. Qe5 Kg6 53.
Kh4 Kf7 54. Qd6 Kg7 55. Kg5 Kf7 56. Qd7+ Kf8 57. Kg6 1-0

[Event "61st ch-BUL w SF 2012"]
[Site "Plovdiv BUL"]
[Date "2012.02.07"]
[Round "2"]
[White "Galunova,T"]
[Black "Atanasova,Elitsa"]
[Result "1-0"]
[WhiteElo "2040"]
[BlackElo "1732"]
[WhiteFideId "2909995"]
[BlackFideId "2913690"]
[EventDate "2012.02.06"]

1. e4 e5 2. Nf3 Nc6 3. Bc4 Nf6 4. d3 Be7 5. O-O O-O 6. Re1 d6 7. c3 Na5 8. Bb5
a6 9. Ba4 b5 10. Bc2 c5 11. Nbd2 Re8 12. a4 b4 13. cxb4 cxb4 14. Nc4 Nc6 15. a5
Bg4 16. Ba4 Bxf3 17. Qxf3 Nd4 18. Qd1 Rf8 19. Be3 Rc8 20. Bxd4 exd4 21. Qb3 d5
22. Nb6 Rc5 23. e5 Ng4 24. Nd7 Rxa5 25. Nxf8 Bxf8 26. h3 Nh6 27. Bc6 Rc5 28.
Rxa6 Qc8 29. Qa4 Qf5 30. Ra8 g5 31. Rxf8+ Kxf8 32. Qxb4 g4 33. Qxc5+ Kg7 34.
Qxd4 gxh3 35. e6+ f6 36. e7 h2+ 37. Kxh2 Qh5+ 38. Kg1 Ng4 39. Qxg4+ 1-0

[Event "61st ch-BUL w SF 2012"]
[Site "Plovdiv BUL"]
[Date "2012.02.07"]
[Round "3"]
[White "Atanasova,Elitsa"]
[Black "Tsekova,V"]
[Result "0-1"]
[WhiteElo "1732"]
[BlackElo "1859"]
[WhiteFideId "2913690"]
[BlackFideId "2908476"]
[EventDate "2012.02.06"]

1. d4 Nf6 2. c4 g6 3. Nc3 d5 4. Nf3 Bg7 5. cxd5 Nxd5 6. Qb3 Nxc3 7. bxc3 c5 8.
Qb5+ Nd7 9. e3 O-O 10. Ba3 a6 11. Qb3 b5 12. Be2 Bb7 13. O-O Qa5 14. Rac1 Rac8
15. dxc5 Nxc5 16. Bxc5 Rxc5 17. Nd4 Rfc8 18. c4 Bd5 19. Qd1 Bxc4 20. Nb3 Bxb3
21. Rxc5 Rxc5 22. Qxb3 Rc3 23. Qd5 Rc2 24. Bd3 Rxa2 25. Qc5 Qa3 26. Qc8+ Bf8 27.
Be4 Ra1 28. g3 Rxf1+ 29. Kxf1 b4 30. Bd5 Qd3+ 0-1

[Event "61st ch-BUL w SF 2012"]
[Site "Plovdiv BUL"]
[Date "2012.02.07"]
[Round "3"]
[White "Vasileva,C"]
[Black "Galunova,T"]
[Result "0-1"]
[WhiteElo "1577"]
[BlackElo "2040"]
[WhiteFideId "2904250"]
[BlackFideId "2909995"]
[EventDate "2012.02.06"]

1. d4 d5 2. c4 c6 3. Nc3 Nf6 4. Nf3 dxc4 5. a4 Bf5 6. g3 Na6 7. Nh4 Be6 8. e4
Nb4 9. Nf3 Bg4 10. Be2 Bxf3 11. Bxf3 Nd3+ 12. Kf1 Qxd4 13. Be3 Qd7 14. Qe2 e5
15. Rd1 Bb4 16. Na2 Be7 17. Nc1 Qh3+ 18. Bg2 Qe6 19. Nxd3 cxd3 20. Rxd3 O-O 21.
b3 Rfd8 22. f3 Nd7 23. Rc3 Bb4 24. Rc4 a5 25. Qb2 b6 26. Ke2 Nc5 27. Qc2 Rd6 28.
Rd1 Rxd1 29. Qxd1 Nxa4 30. Qc2 Nc5 31. Kf2 Rd8 32. Bf1 h5 33. h4 Qd7 34. Bg5 Rc8
35. Be3 Rc7 36. Kg2 Qd6 37. Be2 Qg6 38. f4 Be1 39. Bf2 Bxf2 40. Kxf2 exf4 41.
gxf4 Rd7 42. b4 axb4 43. Rxb4 Qd6 44. e5 Nd3+ 45. Qxd3 Qc5+ 46. Qe3 Qxb4 47. e6
Re7 48. exf7+ Rxf7 49. Qe8+ Qf8 50. Qe6 Qe7 51. Qc8+ Rf8 52. Bc4+ Kh8 53. Qxc6
Rxf4+ 54. Kg2 Rg4+ 55. Kf3 Qf6+ 56. Qxf6 gxf6 57. Bf7 Rxh4 58. Kg3 Rg4+ 59. Kh3
Rg5 60. Kh4 b5 61. Bb3 b4 62. Be6 Kg7 63. Bb3 Kg6 64. Bg8 Rg4+ 65. Kh3 Rd4 66.
Be6 b3 67. Kg2 b2 68. Ba2 Rd1 0-1

[Event "61st ch-BUL w SF 2012"]
[Site "Plovdiv BUL"]
[Date "2012.02.07"]
[Round "3"]
[White "Radeva,Viktoria"]
[Black "Salimova,Nurgyul"]
[Result "0-1"]
[WhiteTitle "WCM"]
[BlackTitle "WFM"]
[WhiteElo "1760"]
[BlackElo "1737"]
[WhiteFideId "2915405"]
[BlackFideId "2915138"]
[EventDate "2012.02.06"]

1. e4 e5 2. Nf3 Nc6 3. d4 exd4 4. Bc4 Nf6 5. O-O Nxe4 6. Re1 d5 7. Bxd5 Qxd5 8.
Nc3 Qa5 9. Nxe4 Be6 10. Bd2 Qd5 11. Bg5 Be7 12. Bxe7 Nxe7 13. Nxd4 O-O-O 14.
Nxe6 Qxe6 15. Qf3 Qf5 16. Qe3 Nc6 17. Qc3 f6 18. Ng3 Qg6 19. b4 Ne5 20. b5 Rhe8
21. a4 Qf7 22. Qe3 Kb8 23. a5 Nd3 24. Qd2 Nxe1 25. Qc3 Qd5 26. Rxe1 Rxe1+ 27.
Qxe1 Qd1 28. Kf1 Qxc2 29. Ne2 Rd1 30. f3 Rxe1+ 31. Kxe1 Qb1+ 32. Kf2 Qxb5 0-1